=LDR 00000nam 2200000 4500 =001 INLIS000000000012127 =005 20130612103652 =008 ***********************************Ind** =035 ##$$0010-061300000012127 =041 ##$$a Ind =082 ##$$a 581.634 =090 ##$$a 581.634, Sut p =100 ##$$a Sutejo, Mul mulyani =245 ##$$a Pengembangan kultur tanaman berhasiat obat, Nud Mulayadi sutejo =260 ##$$a 1990 $b Jakarta =300 ##$$a x, 54 hlm, Ilus, 21 cm =650 ##$$a Tanaman obat =850 ##$$a NBPNMAT =990 ##$$a 0001/BPAP-NTB/20142014 =990 ##$$a 0001/BPAP-NTB/2016